000 00519pab a2200205 454500
008 180718b2013 xxu||||| |||| 00| 0 eng d
100 _aFavero, Nathan
245 _aEvaluating urban public schools: Parents, teachers, and state assessments
260 _c2013
300 _a401-412.
362 _aJun
650 _aSchools
650 _aTeachers
650 _aParents
650 _aPublic education
700 _aMeier, Kenneth J.
773 _aPublic Administration Review
908 _aN
909 _a99132
999 _c99131
_d99131